000 00828cam a2200265 a 4500
001 4455097
005 20180813075100.0
008 950327s1996 wiua b 001 0 eng d
010 _a 95076283
020 _a0697129810
035 _a(OCoLC)34100978
035 _aNNRB (FG0138(00)) RC
040 _aNjPRFB
_cNjPRFB
_dDLC
041 _aeng
042 _alccopycat
080 _a155
082 0 0 _a155
_221
100 1 _a48
101 _apsi
245 1 0 _aLifespan development :
_cJanina M. Jolley, Mark L. Mitchell.
504 _aIncludes bibliographical references (p. 471-508) and indexes.
906 _a7
_bcbc
_ccopycat
_d3
_eopcn
_f19
_gy-gencatlg
942 _2ddc
_cBK
999 _c47052
_d47052